مكتبة جامعة عجلون الوطنية

فهرس بحث المكتبة

Normal view MARC view
  •  منتدى دور المرأة العربية في التنمية الإدارية

Entry Personal Name

Number of records used in: 1

001 - CONTROL NUMBER

  • control field: 34439

003 - CONTROL NUMBER IDENTIFIER

  • control field: JO-AjAnu

005 - DATE AND TIME OF LATEST TRANSACTION

  • control field: 20230606075753.0

008 - FIXED-LENGTH DATA ELEMENTS

  • fixed length control field: 230606|| aca||aabn | a|a d

040 ## - CATALOGING SOURCE

  • Original cataloging agency: JO-AjAnu
  • Transcribing agency: JO-AjAnu

100 ## - HEADING--PERSONAL NAME

  • Personal name:  منتدى دور المرأة العربية في التنمية الإدارية

670 ## - SOURCE DATA FOUND

  • Source citation: Work cat.: (JO-AjAnu)17690: منتدى دور المرأة العربية في التنمية الإدارية , author, االدور الريادي للمرأة العربية في التنمية الإدارية : بحوث وأوراق عمل منتدى "دور المرأة العربية في التنمية الإدارية، مسقط، سلطنة عمان